000 00927nam a22002777a 4500
001 3103
003 FISKH
005 20240206111517.0
008 240206b cb ||||| |||| 00| 0 eng d
020 _a9781848777668
040 _aFISKH
_beng
_cFISKH
_dFISKH
082 _a398.24
100 _aSteer, Dugald
245 _aThe collected tales of little mouse :
_bA treasury of five delightful stories /
_cPicture by Caroline Anstey
250 _aThis edition published 2013
260 _aSerrey :
_bPippbrook Books,
_c2004
300 _a96 unnumbered pages :
_bcolor illustrations ;
_c21 cm
505 _aB
520 _aJoin Little Mouse in this treasury of stories perfect for bedtime reading.
521 8 _a80
_bLexile
521 8 _aB
_bRaz-Plus
650 _aStory Teller
_vFiction
_xJuvenile Literature
700 _aHamilton, Libby
_eAuthor
700 _aMiller, Liza
_eEditor
942 _2ddc
_cBK
_n0
999 _c3103
_d3103